เกมรักคาสโนวี่ (Record no. 37495)

MARC details
000 -LEADER
fixed length control field 02733nam a22002177a 4500
003 - CONTROL NUMBER IDENTIFIER
control field TH-BaNU
005 - DATE AND TIME OF LATEST TRANSACTION
control field 20230330093242.0
008 - FIXED-LENGTH DATA ELEMENTS--GENERAL INFORMATION
fixed length control field 230330b2022 TH ||||| |||| 00| 0 tha d
020 ## - INTERNATIONAL STANDARD BOOK NUMBER
International Standard Book Number 9786162402401
040 ## - CATALOGING SOURCE
Original cataloging agency TH-BaNU
100 ## - MAIN ENTRY--PERSONAL NAME
Personal name เอวิตา
245 ## - TITLE STATEMENT
Title เกมรักคาสโนวี่
260 ## - PUBLICATION, DISTRIBUTION, ETC.
Place of publication, distribution, etc. กรุงเทพฯ:
Name of publisher, distributor, etc. กรีนมายด์:
Date of publication, distribution, etc. 2565
300 ## - PHYSICAL DESCRIPTION
Extent 340 หน้า
520 ## - SUMMARY, ETC.
Summary, etc. เมื่อดาราสาวฉายาคาสโนวี่ตัวแม่ใกล้ตกกระป๋อง เพราะผู้ใหญ่ให้ความเอ็นดูดารารุ่นน้องมากกว่า "นราเกตต์" จึงยอมรับเดิมพันที่เห็นแล้วว่ามีแต่ได้กับได้ แถมฟันกำไรเหนาะๆ นั่นคือแค่เล่นเกมความรักกับหนุ่มร้านอินเตอร์เน็ต โดยไม่รู้ตัวเลยว่าผู้ชายที่เธอเห็นเป็นเพียงของเล่น มีเบื้องหลังซับซ้อนซ่อนเงื่อนในแบบที่คาดไม่ถึง และเมื่อเธอประเมินค่าความรักต่ำไป ผลที่ได้กลับมาคือ...กว่าจะรู้ว่ารักใครสักคนมากแค่ไหน ก็ตอนที่สูญเสียคนคนนั้นไปแล้ว...<br/>ไม่ได้! เธอไม่มีวันยอมยกธงเด็ดขาด ไม่มีวันที่จะปล่อยผู้ชายดีๆ อย่างเขาให้หลุดมือ (ถึงจะหลุดมือไปแล้วก็ตาม) แม้จะต้องแลกด้วยทุกสิ่ง เธอก็จะทำให้เขากลับมารักกันเหมือนเดิมให้ได้ ถึงจะต้องฝ่าด่านอรหันต์จากบรรดาสาวๆ ในทาวน์เลิฟก็ไม่หวั่น ขอเพียงได้หัวใจรักของ "พี่เชส" กลับคืนมา นราเกตต์พร้อมทุ่มสุดตัว!
650 ## - SUBJECT ADDED ENTRY--TOPICAL TERM
Topical term or geographic name entry element วรรณกรรม
850 ## - HOLDING INSTITUTION
Holding institution Kuakarun Nursing Library
856 ## - ELECTRONIC LOCATION AND ACCESS
Uniform Resource Identifier <a href="https://se-ed.belibcloud.com/book-detail/18266">https://se-ed.belibcloud.com/book-detail/18266</a>
Link text se-ed e-library
942 ## - ADDED ENTRY ELEMENTS (KOHA)
Source of classification or shelving scheme Local Classification
Koha item type Electronic books
998 ## - STAFF NAME (NMU)
Cataloger bee
Holdings
Withdrawn status Lost status Source of classification or shelving scheme Damaged status Not for loan Home library Current library Shelving location Date acquired Total Checkouts Barcode Date last seen Price effective from Koha item type
    Local Classification   Online Access Kuakarun Nursing Library Kuakarun Nursing Library Processing unit 30/03/2023   eb37495 30/03/2023 30/03/2023 Electronic books